大字が設定されていない市区町村 - Statistics

General Stats
  • This quiz has been taken 44 times
  • The average score is 16 of 22
Answer Stats
都道府県 所属 郵便番号 Answer % Correct
東京都 なし(三宅支庁) 100-1301 御蔵島村
95%
東京都 なし(大島支庁) 100-0601 神津島村
93%
東京都 なし(大島支庁) 100-0301 利島村
90%
東京都 なし(八丈支庁) 100-1701 青ヶ島村
88%
新潟県 岩船郡 958-0061 粟島浦村
88%
長野県 南佐久郡 384-1211 南相木村
85%
長野県 南佐久郡 384-1201 北相木村
83%
長野県 下伊那郡 395-0701 根羽村
75%
岡山県 真庭郡 717-0201 新庄村
75%
大分県 東国東郡 872-1501 姫島村
75%
山梨県 南都留郡 401-0320 鳴沢村
73%
長野県 下伊那郡 399-1601 売木村
73%
長野県 木曽郡 397-0201 王滝村
73%
香川県 香川郡 761-3110 直島町
70%
長野県 北安曇郡 399-8501 松川村
68%
沖縄県 島尻郡 901-3601 渡名喜村
68%
長野県 上伊那郡 399-4511 南箕輪村
65%
長野県 下伊那郡 399-1801 泰阜村
65%
高知県 安芸郡 781-6410 田野町
65%
長野県 上伊那郡 399-4301 宮田村
63%
長野県 下伊那郡 395-0601 平谷村
63%
長野県 東筑摩郡 390-1301 山形村
58%
No matching quizzes found
Score Distribution
Percent of People with Each Score
Percentile by Number Answered
Your Score History
You have not taken this quiz